| 000 | 00516nam a2200205 4500 | ||
|---|---|---|---|
| 001 | 11295 | ||
| 005 | 20230410115559.0 | ||
| 008 | 060907n2001 dr spa | ||
| 020 | _a0471372897 | ||
| 035 | _9funglode11382 | ||
| 041 | _aEN | ||
| 050 | 1 | 4 | _aHF 1416 K75g 2001 |
| 100 | _aKotabe, Masaaki | ||
| 245 | 1 |
_aGlobal marketing managment / _cMasaaki Kotable |
|
| 250 | _a2 | ||
| 260 |
_aNew york : _bJhon Wiley,ed, _c2001 |
||
| 300 | _av³739 p. | ||
| 700 | _aHelsen, Kristiaan | ||
| 942 |
_2lcc _cbk |
||
| 999 |
_c44029 _d44029 |
||